Outlines of the Oceania countries by capital (Very Hard +) - Statistics

General Stats
  • This quiz has been taken 11 times
    7 since last reset
  • The average score is 5 of 31
Answer Stats
Picture Hint Answer % Correct
Honiara
67%
Suva
67%
Wellington
67%
Alofi
33%
Apia
33%
Canberra
33%
Jakarta
33%
Port Moresby
33%
Port Vila
33%
Ogasawara Village Tokyo
33%
Vaiaku / Funafuti
33%
Washington
33%
Yaren
33%
Adamstown
0%
Atafu
0%
Avarua
0%
Bairiki / South Tarawa
0%
Capitol Hill / Saipan
0%
Delap / Majuro
0%
Hagåtña
0%
Hanga Roa
0%
Honolulu
0%
Kingston
0%
Mata-Utu
0%
Ngerulmud
0%
Nouméa
0%
Nukuʻalofa
0%
Pago Pago / Fagatogo
0%
Palikir
0%
Papeete
0%
Juan Fernández Islands Santiago
0%
No matching quizzes found
Score Distribution
Percent of People with Each Score
Percentile by Number Answered
Your Score History
You have not taken this quiz since the last reset